The dynamics of science and technology

Gardado en:
Detalles Bibliográficos
Formato: Libro
Idioma:Undetermined
Publicado: Dordrecht D. Reidel Publishing Company 1978
Những chủ đề:
Các nhãn: Engadir etiqueta
Sen Etiquetas, Sexa o primeiro en etiquetar este rexistro!
Thư viện lưu trữ: Trung tâm Học liệu Trường Đại học Cần Thơ
LEADER 00474nam a2200169Ia 4500
001 CTU_78339
008 210402s9999 xx 000 0 und d
082 |a 500 
082 |b D994 
245 4 |a The dynamics of science and technology 
245 0 |c Wolfgang Krohn ... [et al.] 
260 |a Dordrecht 
260 |b D. Reidel Publishing Company 
260 |c 1978 
650 |a Technology 
650 |x Social aspects 
980 |a Trung tâm Học liệu Trường Đại học Cần Thơ